Planning London (Record no. 70660)
[ view plain ]
| 000 -LEADER | |
|---|---|
| fixed length control field | 00981cam a2200205 4500 |
| 001 - CONTROL NUMBER | |
| control field | X118654 |
| 008 - FIXED-LENGTH DATA ELEMENTS--GENERAL INFORMATION | |
| fixed length control field | 020702n2002 000 0 eng u |
| 035 ## - SYSTEM CONTROL NUMBER | |
| System control number | (Sirsi) u118654 |
| 100 ## - MAIN ENTRY--PERSONAL NAME | |
| Personal name | Harwood, R |
| 245 ## - TITLE STATEMENT | |
| Title | Planning London |
| 260 ## - PUBLICATION, DISTRIBUTION, ETC. | |
| Date of publication, distribution, etc. | 2002 |
| 490 ## - SERIES STATEMENT | |
| Series statement | Journal of Planning and Environment Law |
| Volume/sequential designation | May 2002, 520-527(8) |
| 520 ## - SUMMARY, ETC. | |
| Summary, etc. | Outlines composition and workings of Greater London Authority. Explains function of Spatial Development Strategy and considers Mayor's power to directly refuse a planning application. Discusses concern for planning authority probity when dealing with planning issues. Considers effect of Secretary of State's right to intervene in order to prevent a local planning authority from acting on Mayor's direction. |
| 650 ## - SUBJECT ADDED ENTRY--TOPICAL TERM | |
| Topical term or geographic name entry element | GREATER LONDON AUTHORITY |
| 650 ## - SUBJECT ADDED ENTRY--TOPICAL TERM | |
| Topical term or geographic name entry element | GLA |
| 650 ## - SUBJECT ADDED ENTRY--TOPICAL TERM | |
| Topical term or geographic name entry element | SPATIAL DEVELOPMENT STRATEGY |
| 650 ## - SUBJECT ADDED ENTRY--TOPICAL TERM | |
| Topical term or geographic name entry element | PLANNING APPLICATIONS |
| 690 ## - LOCAL SUBJECT ADDED ENTRY--TOPICAL TERM (OCLC, RLIN) | |
| Topical term or geographic name as entry element | ENVIRONMENTAL AND LAND CONSULTANCY-PLANNING AND DEVELOPMENT |
| 942 ## - ADDED ENTRY ELEMENTS (KOHA) | |
| Suppress in OPAC | 0 |
| Withdrawn status | Lost status | Source of classification or shelving scheme | Damaged status | Not for loan | Home library | Current library | Shelving location | Date acquired | Total Checkouts | Barcode | Date last seen | Copy number | Price effective from | Koha item type |
|---|---|---|---|---|---|---|---|---|---|---|---|---|---|---|
| Dewey Decimal Classification | London | London | Journal article | 02/07/2002 | 118654-1001 | 06/08/2019 | 1 | 06/08/2019 | Journal article |